000 00529nam a2200193Ia 4500
005 20260429112155.0
008 260429s9999||||xx |||||||||||||| ||und||
020 _a9781292440996
041 _aEnglish
082 _a620.11
_bSHA
100 _aShackelford, James F.
245 0 _aIntroduction to materials science for engineers /
_cJames F. Shackelford
250 _a9th ed.
260 _aUnited Kingdom :
_bPearson,
_c2023.
300 _a625 p.; pbk
650 _a Engineers
650 _aMaterials science
942 _cTB
999 _c52728
_d52728